| 000 | 00932nam a22002417a 4500 | ||
|---|---|---|---|
| 999 |
_c3471 _d3471 |
||
| 003 | AR-CdUCM | ||
| 008 | 190306b ||||| |||| 00| 0 spa d | ||
| 040 |
_aMUNICIPALIDAD PROVINCIAL DEL CUSCO _cBIBLIOTECA MUNICIPAL DEL CUSCO |
||
| 082 |
_a333 / _bS194 |
||
| 100 |
_aSanchez Juliá, Fernando Martín _911423 |
||
| 245 | _aEconomía agraria / | ||
| 260 |
_aEspaña : _bHispano-Americana, _c1956. |
||
| 300 |
_a443 páginas ; _bimágenes, _c24 cm. |
||
| 440 |
_aAgrícola Salvat _911424 |
||
| 505 | _aLa economía en la empresa agrícola -- Los factores de la producción agrícola -- La empresa agrícola -- La economía agrícola nacional... | ||
| 650 |
_aEconomía agrícola. _95006 |
||
| 650 |
_aCereales y leguminosas. _911425 |
||
| 650 |
_aEmpresa agrícola. _911426 |
||
| 650 |
_aFactores de producción. _911427 |
||
| 700 |
_aZalueta y Enriquez, Manuel Maria de _911428 |
||
| 942 |
_2ddc _cLIBROS |
||
| 945 |
_awfj _d2019-03-06 |
||